LEADER 00493naa a2200133 i 4500 001 000000298162 003 CaOOAMICUS 005 20180831172619.0 008 180831n xx u000 u und u 013 $a5764 040 $aSeMil$bita 100 1 $aSchwienhorst-Schönberger, Ludger.$0(OLS)http://semarc/name/28206 245 10$aVia media Koh 7,15-18 und die griechisch-hellenistische Philosophie. 996 $6245$aVia media Koh 7,15-18 und die griechisch-hellenistische Philosophie$9(OLS)http://semarc/title/374183 LEADER 01067nam a2200205 4500 001 000000339287 003 CaOOAMICUS 005 20200207093017.0 008 200207s1841 be a 000 u fre r 040 $aSeMil$bita 245 00$a7: M-Nys. 264 1$aBruxelles :$bMeline, Cans et Compagnie,$c1841. 300 $a732 p. ;$c25 cm 700 11$aDrapiez, Pierre Auguste Joseph.$0(OLS)http://semarc/name/89546 773 0 $aDrapiez, Pierre Auguste Joseph$tDictionnaire classique des sciences naturelles, présentant la définition, l'analyse et l'histoire de tous les êtres qui composent les trois règnes, leur application générale aux arts, à l'agriculture, à la médecine, à l'économie domestique, etc. ....$dBruxelles : Meline, Cans et Compagnie, 1837-1845.$g7$w()339273 850 $aSeMil 852 $aSeMil$W1$xVenegono$y1$m3XB IV 7 FA$j218473$B230395$CSeMilBibl$Z2$F230395 $8I 996 $6245$a7: M-Nys$9(OLS)http://semarc/title/428084 996 $6264$aBruxelles :$bMeline, Cans et Compagnie$9(OLS)http://semarc/publisher/58827